Migración y desarrollo: oportunidades y desarrollo /
Guardado en:
| 主要作者: | |
|---|---|
| 格式: | Texto |
| 主題: | |
| 標簽: |
添加標簽
沒有標簽, 成為第一個標記此記錄!
|
MARC
| LEADER | 00000 a a2200000 04500 | ||
|---|---|---|---|
| 001 | 13151 | ||
| 003 | |||
| 040 | |||
| 100 | |a Valle Alvarez, Dulce María | ||
| 245 | |a Migración y desarrollo: |b oportunidades y desarrollo / |c Dulce María Valle Alvarez | ||
| 650 | |a MIGRACION | ||
| 650 | |a DESARROLLO ECONOMICO | ||
| 650 | |a ASPECTOS ECONOMICOS | ||
| 773 | |g volumen 9, número 3; páginas 20-22 | ||
| 999 | |c 27716 |d 27716 | ||
